Obras completas.

Uloženo v:
Podrobná bibliografie
Hlavní autor: Huxley, Aldous Leonard (autor)
Médium: Kniha
Jazyk:angličtina
Vydáno: Barcelona, España: José Janés Editor, 1952.
Vydání:Primera edición.
Edice:Los Clásicos del Siglo XX,
Témata:
Tagy: Přidat tag
Žádné tagy, Buďte první, kdo vytvoří štítek k tomuto záznamu!

MARC

LEADER 00000nam a22000007a 4500
003 CL-VaPUC
005 20220822114626.0
008 220714t1952 ||||| |||| 00| 0 eng d
999 |c 437063  |d 437061 
040 |c Pontificia Universidad Católica de Valparaíso 
082 0 4 |a 823 HUX 1952  |2 22 
100 |a Huxley, Aldous Leonard  |e autor  |9 553641 
245 1 3 |a Obras completas. 
250 |a Primera edición.  
260 |a Barcelona, España:   |b José Janés Editor,   |c 1952. 
300 |a 1237 páginas. 
490 |a Los Clásicos del Siglo XX,   |n   
500 |a c.1 Donación Familia Prof. Alejandro Guzmán Brito. 
583 |a last modification  |c 19980124 00:00:00  |k Yessy Sthefany Diaz Vidal 
650 0 |a Novelas inglesas  |9 265220 
650 0 |a Literatura inglesa  |9 312907 
942 |c BK  |2 ddc  |n 0 
952 |0 0  |1 0  |2 ddc  |4 0  |6 823_000000000000000_HUX_1952  |7 0  |8 C_AGB  |9 584807  |a BIBDER  |b BIBDER  |d 2022-07-14  |e Donación   |i 5652831  |o 823 HUX 1952  |p 5652831  |r 2023-01-25  |t 1  |w 2022-07-14  |y BK_US  |k AGB